| 000 | 01011nam a2200253 i 4500 | ||
|---|---|---|---|
| 001 | 000032489 | ||
| 003 | DO-SdBNP | ||
| 005 | 20251204092414.0 | ||
| 008 | 110718s1991 dr ac 000 0 spa d | ||
| 040 |
_aDO-SdBNP _bspa _cBNPHU _erda |
||
| 041 | _aspa | ||
| 082 |
_axxx _bP438f _222 |
||
| 100 | 1 |
_aPérez Martínez, Ramón _eautor _958433 |
|
| 245 | 1 | 0 |
_aFuturo energetico, futuro dominicano. / _cRamón Pérez Martínez. |
| 264 |
_a[Ciudad desconocida] : _bCoorporación Dominicana de Electricidad, _c1991. |
||
| 300 |
_a62 páginas : _bilustraciones retratos. ; _c21 cm. |
||
| 336 |
_ardacontent _btexto _2txt |
||
| 337 |
_ardamedia _bsin mediación _2n |
||
| 338 |
_ardacarrier _bvolumen _2nc |
||
| 500 | _aCharla pronunciada por el administrador General de la Coorporación Dominicana de Electricidad, Ing. Ramón Pérez Martínez, en ocación de su comparecencia en la sesión-almuerzo de la Cámara Americana de Comercio de 1991 | ||
| 590 | _aInventariado, 2025/DG | ||
| 910 | _aDG | ||
| 942 |
_2ddc _cLBS1 |
||
| 999 |
_c31980 _d31980 |
||